Úplné náklady práce v České republice v roce 1993

Výsledky skúšobného zisťovania úplných nákladov práce (1993) uskutočneného ČSÚ v r.1994 metodikou štatistickej organizácie EÚ Eurostat. Údaje a poznatky získané z výsledkov zisťovania: štruktúra nákladov práce podľa odvetví, mesačná cena práce v podnikoch s 25 a viac zamestnancami, štruktúra náklado...

ver descrição completa

Na minha lista:
Detalhes bibliográficos
Autor principal: Tesařová, D.
Formato: Capítulo de Livro
Idioma:tcheco
Assuntos:
Tags: Adicionar Tag
Sem tags, seja o primeiro a adicionar uma tag!

MARC

LEADER 00000naa a2200000 4500
001 r016631
005 20221205102812.9
041 0 |a cze 
044 |a CZ 
245 1 0 |a Úplné náklady práce v České republice v roce 1993  |c D. Tesařová 
520 |a Výsledky skúšobného zisťovania úplných nákladov práce (1993) uskutočneného ČSÚ v r.1994 metodikou štatistickej organizácie EÚ Eurostat. Údaje a poznatky získané z výsledkov zisťovania: štruktúra nákladov práce podľa odvetví, mesačná cena práce v podnikoch s 25 a viac zamestnancami, štruktúra nákladov podľa krajov, priemerná mesačná mzda pracovníka vo vybraných odvetviach. 
610 2 0 |a práca 
610 2 0 |a pracovníci 
610 2 0 |a náklady 
610 2 0 |a zisťovanie štatistické 
610 2 0 |a Česko 
610 2 0 |a 1993 
610 2 0 |a náklady mzdové 
610 2 0 |a náklady personálne 
610 2 0 |a zabezpečenie sociálne 
610 2 0 |a údaje štatistické 
100 1 |a Tesařová, D.